London United Tramways: (Record no. 8060)

MARC details
000 -LEADER
fixed length control field 00579nam a22001937a 4500
003 - CONTROL NUMBER IDENTIFIER
control field OSt
005 - DATE AND TIME OF LATEST TRANSACTION
control field 20230120103255.0
008 - FIXED-LENGTH DATA ELEMENTS--GENERAL INFORMATION
fixed length control field 230120b ||||| |||| 00| 0 eng d
020 ## - INTERNATIONAL STANDARD BOOK NUMBER
International Standard Book Number 0415417538
040 ## - CATALOGING SOURCE
Transcribing agency ddc
082 ## - DEWEY DECIMAL CLASSIFICATION NUMBER
Classification number 973 WIL 2007
100 ## - MAIN ENTRY--PERSONAL NAME
Personal name Wilson, Geoffrey
9 (RLIN) 16402
245 ## - TITLE STATEMENT
Title London United Tramways:
Remainder of title a history - 1894 to 1933
260 ## - PUBLICATION, DISTRIBUTION, ETC. (IMPRINT)
Place of publication, distribution, etc. London;
Name of publisher, distributor, etc. Allen & Unwin:
Date of publication, distribution, etc. 2007
300 ## - PHYSICAL DESCRIPTION
Extent 3-240 p., 48 plates:
Other physical details illus;
Dimensions 24 cm
650 ## - SUBJECT ADDED ENTRY--TOPICAL TERM
Topical term or geographic name as entry element London United Tramways.
9 (RLIN) 16403
650 ## - SUBJECT ADDED ENTRY--TOPICAL TERM
Topical term or geographic name as entry element Street-railroads -- England -- London -- History
9 (RLIN) 16404
942 ## - ADDED ENTRY ELEMENTS (KOHA)
Source of classification or shelving scheme Dewey Decimal Classification
Koha item type Book
Holdings
Withdrawn status Lost status Source of classification or shelving scheme Damaged status Not for loan Home library Current library Date acquired Source of acquisition Inventory number Total Checkouts Full call number Barcode Date last seen Price effective from Koha item type
    Dewey Decimal Classification     MUST Main Library MUST Main Library 20/01/2023 Purchase 15/39470   973 WIL 2007 2023-0019 20/01/2023 20/01/2023 Book